Les 500 chaînes Youtube ayant le plus d'abonnés - Statistiques

Statistiques générales
  • Ce quiz a été pris 89 fois
  • Le résultat moyen est 7 sur 500
Statistiques - réponses
Chaînes % Correct
MrBeast
72%
Tibo Inshape
49%
PewDiePie
43%
T-Series
33%
David Guetta
19%
BANGTANTV
18%
IShowSpeed
17%
Justin Bieber
17%
EminemMusic
15%
Logan Paul
15%
Rihanna
15%
Beyoncé
14%
Ariana Grande
13%
BLACKPINK
13%
Cocomelon
13%
Lady Gaga
13%
Shakira
13%
Taylor Swift
13%
Katy Perry
11%
Billie Eilish
10%
DJ Snake
10%
Drake
10%
Dude Perfect
10%
Ed Sheeran
10%
Luis Fonsi
10%
KSI
8%
Nicki Minaj
8%
Selena Gomez
8%
WWE
8%
Kids Diana Show
7%
SET India
7%
The Weeknd
7%
Avicii
6%
Bad Bunny
6%
Bruno Mars
6%
Daddy Yankee
6%
Marshmello
6%
One Direction
6%
Sia
6%
Adele
4%
Dua Lipa
4%
FIFA
4%
J Balvin
4%
Like Nastya
4%
Markiplier
4%
Michael Jackson
4%
Ninja
4%
Pinkfong
4%
Shawn Mendes
4%
Smosh
4%
Wiz Khalifa
4%
XXXTENTATION
4%
Brent Rivera
3%
Celine Dept
3%
Charlie Puth
3%
Chris Brown
3%
Coldplay
3%
DONA
3%
Dream
3%
ImagineDragons
3%
Maluma
3%
Mark Rober
3%
MrBeast Gaming
3%
National Geographic
3%
NBA
3%
Post Malone
3%
shfa
3%
Stokes Twins
3%
Zach King
3%
Zee TV
3%
A4
1%
AboFlah
1%
Alan Walker
1%
Arab Games Network
1%
Beast Philanthropy
1%
Carryminati
1%
ChuchuTV
1%
Colors TV
1%
Dafuq!?Boom!
1%
Daniel Labelle
1%
elrubiusOMG
1%
EminemVEVO
1%
Enrique Iglesias
1%
FaZe Rug
1%
Felipe Neto
1%
Fernanfloo
1%
Goldmines
1%
HolaSoyGerman
1%
HYBE LABELS
1%
jacksepticeye
1%
Jason Derulo
1%
Juega German
1%
JustinBieberVEVO
1%
KAROL G
1%
KatyPerryVEVO
1%
LOL
1%
LUCCAS NETO
1%
Maria Clara & JP
1%
Mr Bean
1%
MrBeast 2
1%
MrBeast en Español
1%
Netflix
1%
Peppa Pig
1%
PowerKids TV
1%
RihannaVEVO
1%
Ryan's World
1%
shfa2
1%
Sidemen
1%
SMTOWN
1%
Sony SAB
1%
SSSniper Wolf
1%
TaylorSwiftVEVO
1%
Troom Troom
1%
Vlad and Niki
1%
Vsauce
1%
whinderssonnunes
1%
YRF
1%
Yuya
1%
Zee Music Company
1%
Маша и Медведь
0%
व्लाद और निकिता
0%
ГЛЕНТ
0%
1MILLION Dance Studio
0%
1theK
0%
5-Minute Crafts
0%
7clouds
0%
Aaj Tak
0%
ABPLIVE
0%
ABP NEWS
0%
ABS-CBN Entertainement
0%
Acharya Prashant
0%
Aditya Movies
0%
Aditya Music
0%
AH
0%
Aja Kitchen
0%
Ajay Sharma
0%
Akshay Nagwadiya
0%
Alan Becker
0%
Alan Chikin Chow
0%
albert_cancook
0%
Alejo Ioga
0%
Alfredo Larin
0%
Alyssa's Ways
0%
America's Got Talent
0%
Ami Rodriguez
0%
Amit Bhadana
0%
Anand Creation
0%
Anaya Kandhal
0%
And TV
0%
Anuel AA
0%
ANYA KOVA
0%
Aphmau
0%
Ary Digital HD
0%
ashish chanchlani vines
0%
ASMR
0%
AuronPlay
0%
Azhan5star
0%
BabyBus
0%
BabyBus ESP
0%
BabyBus Indonesian
0%
Badabun
0%
Baim Paula
0%
Bayashi TV
0%
BB Ki Vines
0%
Beast Reacts
0%
BeatboxJCOP
0%
Bebefinn
0%
Becky G
0%
Ben Azelart
0%
Ben Eagle
0%
BETER BÖCÜK
0%
BigChungus
0%
BigShcool
0%
BillionSurpriseToys
0%
Bispo Bruno Leonardo
0%
Bizarrap
0%
Bobby chourasiya
0%
Boram Tube Vlog
0%
Bounce Patrol
0%
boxtoxtv
0%
Brave Wilderness
0%
BRIGHT SIDE
0%
Busy Fun Ltd
0%
Caín Guzmán
0%
Canal Kondzilla
0%
CH3 Thailand
0%
Chapitosiki
0%
Chloe Ting
0%
Chotanawab
0%
Chuster
0%
Collins Key
0%
CookieSwirlC
0%
Crazy XYZ
0%
CuRe
0%
CVS 3D
0%
Dangal TV Channel
0%
Danny Fitt
0%
Dan Rhodes
0%
DanTDM
0%
D Billions
0%
Deddy Corbuzier
0%
dednahype
0%
deepesh zo
0%
DeGoBooM
0%
Desi Music Factory
0%
Dhar Mann Studios
0%
Dhruv Rathee
0%
Diana and Roma ARA
0%
Diana and Roma EN
0%
Diana and Roma ESP
0%
Diana and Roma HIN
0%
Disney Jr. Latinoamérica
0%
DisneyMusicVEVO
0%
DrossRotzank
0%
Dr. Vivek Bindra: Motivational Speaker
0%
DUDU e CAROL
0%
Dushyant Kureja
0%
El Payaso Plim Plim
0%
El Reino Infatil
0%
ElTrollino
0%
Emiway Bantai
0%
Enaldinho
0%
EnchufeTV
0%
Eros Now Music
0%
etvteluguindia
0%
Eva Bravo Play
0%
Fatos Desconhecidos
0%
Fede Vigevani
0%
FGTeeV
0%
Filaretiki
0%
Filmy Suraj Actor
0%
Frost Diamond
0%
Galinha Pintadinha
0%
Geet MP3
0%
Genevieve's Playhouse
0%
Genevieve's Playhouse Hindi
0%
GENIAL
0%
Get Movie
0%
GH'S
0%
GMA Network
0%
GMA Public Affairs
0%
GMM GRAMMY OFFICIAL
0%
Goldmines Bollywood
0%
Goldmines Cineplex
0%
Goldmines Dishmoon
0%
Goldmines Gaane Sun
0%
Goldmines Great Indian Comedy
0%
Goldmines Movies
0%
GR6 EXPLODE
0%
Green Gold TV - Official Channel
0%
Gulshan Karla
0%
Hamster Kombat
0%
Har Pal Geo
0%
Heroindori
0%
How Ridiculous
0%
HUM TV
0%
Ian Lucas
0%
ijay Kumar Viner Vlogs
0%
IL Y A BORZOV
0%
IndiaTV
0%
Indosiar
0%
Infinite
0%
Infobells - Hindi
0%
Infobells - Tamil
0%
Infobells - Telugu
0%
invictor
0%
Ishaan Ali 11
0%
Ishtar Music
0%
Ishtar Punjabi
0%
ISSEI
0%
Jaanvi patel
0%
Jake Fellman
0%
James Charles
0%
Jelly
0%
Jess No Limit
0%
Jingle Toons
0%
Jkk Entertainement
0%
Jordan Matter
0%
José Totoy - Português
0%
Juan de Dios Pantoja
0%
Junya
0%
Justin Flom
0%
JYP Entertainement
0%
Kajal Soni
0%
Karla Bustillos
0%
Khandeshi Movies
0%
Khan GS Research Centre
0%
Kiddiestv Hindi
0%
Kidibli
0%
Kids Channel India
0%
Kids Roma Show
0%
Kids TV
0%
Kimberly Loazia
0%
KIMPRO
0%
KL BRO Biju Rithvik
0%
Koray Zeynep
0%
Kritika Channel
0%
Kurzgesagt – In a Nutshell
0%
La Granja de Zenon
0%
LankyBox
0%
Las Ratitas
0%
LazarBeam
0%
LeoNata Family
0%
Like Nastya AE
0%
Like Nastya ESP
0%
Like Nastya PRT
0%
Like Nastya Show
0%
Linkin Park
0%
Little Angel
0%
Little Baby Bum
0%
LIV Crime
0%
LooLoo Kids
0%
LosPolinesios
0%
Lucas And Marcus
0%
Luisito Comunica
0%
Lyrical Lemonade
0%
Mariano Razo
0%
Marília Mendonça
0%
Maroon 5
0%
Marta and Rustam
0%
Masha and The Bear
0%
Masha e o Urso
0%
Masha y el Oso
0%
Mau McMahon
0%
MaviGadget
0%
Maya and Mary
0%
MiawAug
0%
Mikecrack
0%
Miss Katy
0%
Mister Max
0%
mmoshaya
0%
Mnet K-POP
0%
Movieclips
0%
Mr Degree
0%
MR. INDIAN HACKER
0%
MSA previously My Story Animated
0%
Mujjuu___14
0%
Naisa Alifia Yuriza
0%
Narendra Modi
0%
Nasya Official
0%
Natan por Ai
0%
Neetu Bisht
0%
netd müzik
0%
Netflix India
0%
News18 India
0%
NichLmao
0%
Nick Jr.
0%
Nick Pro
0%
Nicky Jam TV
0%
Ninja Kidz TV
0%
NoCopyrightSounds
0%
Noor Stars
0%
Official Pink Panther
0%
OFFICIAL SRG
0%
one 31
0%
OneDirectionVEVO
0%
Ozuna
0%
Panda Boi
0%
Panda Shorts
0%
Paulo Londra
0%
Pawan Sahu
0%
Pen Movies
0%
Peppa Pig Español
0%
Pokémon Asia Official (Hindi
0%
Pragati Verma Shorts
0%
Preston
0%
Prime Video India
0%
Priyal Kukreja
0%
RABBITWARREN
0%
Rafa and Luiz
0%
Raffy Tulfo in Action
0%
Rajshri
0%
Rans Entertainment
0%
Ravi sagar88
0%
Real fools shorts official
0%
Renato Garcia YT
0%
Republic Bharat
0%
rezendeevil
0%
Ricis Official
0%
Ricky Limon
0%
RKD Studios
0%
Robin Hood Gamer
0%
Romeo Santos
0%
Rotana
0%
Round2hell
0%
Rubén Tuesta Oficial
0%
Sagawa
0%
Saito
0%
Salman Noman
0%
Sandeep Maheshwari
0%
Saregama Music
0%
SCTV
0%
Sesame Street
0%
Seungbini
0%
Shemaroo
0%
Shemaroo Filmi Gaane
0%
Shemaroo Movies
0%
shfa show India
0%
Shorts Break
0%
Sidhu Moose Wala
0%
Smile Family
0%
SMOL
0%
Somoy TV
0%
Sony AATH
0%
Sony Music India
0%
SonyMusicIndiaVEVO
0%
Sony Pal
0%
Sourav Joshi Blog
0%
Soy Suco
0%
Speed Records
0%
Spider Slack
0%
Spinnin'Records
0%
SSundee
0%
StarPlus
0%
Sujal Thakral
0%
Sun TV
0%
Super Simple Song
0%
Susy Mouriz
0%
Taarak Mehta Ka Ooltah Chashmah
0%
Talking Tom
0%
Tappu Honey Parmar
0%
tarik alhalapi
0%
Tasty
0%
Tath Little Puff
0%
Technical Guruji
0%
Techno Gamerz
0%
TED
0%
TEDx Talks
0%
Tekashi 6ix9ine
0%
The Chainsmokers
0%
TheDonato
0%
TheEllenShow
0%
The geetagurjar
0%
The Lallantop
0%
The Late Late Show
0%
The Royalty Family
0%
The Tonight Show
0%
Tilak
0%
Tips Official
0%
Tlnovelas
0%
Topper Guild
0%
ToPuddingTV
0%
Torung
0%
Total Gaming
0%
Toycantando
0%
toyoraljanahtv
0%
toyorbabytv
0%
Toys and Colors
0%
TRANS7 OFFICIAL
0%
Trap Nation
0%
Triggered Insaan
0%
T-Series Apna Punjab
0%
T-Series Bhakti Sagar
0%
T-Series Bollywood Classics
0%
Tsuriki Show
0%
Tuzelity SHUFFLE
0%
Ultra Bollywood
0%
Ultra Movie Parlour
0%
Ultra Records
0%
Unbox Therapy
0%
unknown boy varun
0%
Valentina Pontes ofc
0%
Vania Mania Kids
0%
VanossGaming
0%
_vector_
0%
VEGETTA777
0%
Venus Entertainement
0%
Vijay Television
0%
Village Cooking Channel
0%
ViralHog
0%
Vlad and Niki Arabic
0%
Vlad and Niki ESP
0%
Vlad and Niki IDN
0%
Vlad và Niki
0%
vlogger varun
0%
Você Sabia
0%
Voot Kids
0%
WatchMojo.com
0%
Wave Music
0%
Wave Music Bhojpuri
0%
WB Kids
0%
What's Idea
0%
Willie Salim
0%
WorkpointOfficial
0%
WORLDSTARHIPHOP
0%
Worldwide records Bhojpuri
0%
WowKidz
0%
Wow Kidz Action
0%
XO TEAM
0%
Yoeslan
0%
YOLO
0%
YOLO AVENTURAS
0%
Younes Zarou
0%
Yudist Ardhana
0%
Zach Choi
0%
ZAMZAM ELECTRONICS TRADING
0%
ZappyToons
0%
Zee News
0%
ZHC
0%
Zhong
0%
Aucun quiz correspondant
Distribution des résultats
% des personnes avec chaque résultat
Percentile par nombre de réponses
Votre historique - résultats
Vous n’avez pas pris ce quiz